000 00385nam a2200169Ia 4500
008 221030s9999 xx 000 0 und d
020 _a007058799X
041 _aEnglish
082 _a105.23
_bBho
100 _aL. M. Bhole
245 0 _aFinancial Institutions & Markets
250 _a4th
260 _bTMH
_aNew Delhi
_c2004
300 _a28.42
650 _aManagement
942 _cBK
999 _c813
_d813